000 00423nam a22001697a 4500
003 MPLRDC
005 20220104144311.0
008 210129b ||||| |||| 00| 0 eng d
082 _a310.7 SHSF v.2 1978 c.2
100 _a上海师范大学编
245 _a数学. 下册
_c
250 _a初版
260 _a
_b商务印书馆
_c1978
300 _b
650 _a数学总论
942 _cBK
_o310.7 SHSF v.2 1978 c.2
999 _c48281
_d48271